Retrouve la chanson de Kéké avec sa pochette (Animal Crossing) - Statistiques

Statistiques générales
  • Ce quiz a été pris 11 fois
  • Le résultat moyen est 12 sur 28
Statistiques - réponses
Par images Réponse % Correct
Anniversaire Kéké
100%
Bubblegum Kéké
100%
Disco Kéké
100%
Je vous aime
75%
Agent Kéké
63%
Réfléchir
63%
Vieux biscuits
63%
Etude de Kéké
50%
Ragtime Kéké
50%
Requiem de Kéké
50%
A nous la belle ville
38%
Chant marin
38%
El Condor Kéké
38%
Kéké à la plage
38%
Kéké le verni
38%
Vie de forêt
38%
Chorale de Kéké
25%
Kéké balalaika
25%
Kéké Route 66
25%
Limite
25%
M.Kéké
25%
Rengaine de Kéké
25%
Shamisen Kéké
25%
Far West Kéké
13%
Gumbo Kéké
13%
Kéké Dixie
13%
Kéké l'Empereur
13%
Senor Kéké
0%
Aucun quiz correspondant
Distribution des résultats
% des personnes avec chaque résultat
Percentile par nombre de réponses
Votre historique - résultats
Vous n’avez pas pris ce quiz